| 000 | 00867nam a2200229 a 4500 | ||
|---|---|---|---|
| 005 | 20240215063825.0 | ||
| 008 | 991125s1979 mx 000 0 spa u | ||
| 035 | _aUPN01000040128 | ||
| 049 | _aF | ||
| 050 | 4 |
_aLB2805 _bK6.4 |
|
| 100 | 1 |
_aKoontz, Harold, _d1908-1984 _928838 |
|
| 245 | 1 | 0 |
_aMotivación / _cHarold Koontz, Cyril O'Donell. |
| 260 |
_aMéxico : _bMcGraw-Hill, _c1979. |
||
| 300 | _ap. 624-653 | ||
| 500 | _aEn: Curso de administración moderna / Harold Koontz, Cyril O'Donell -- México : McGraw-Hill, 1979 | ||
| 500 | _aTítulo de la cubierta: Dirección de Instituciones educativas : lectura no. 10 | ||
| 500 | _aA la cabeza de la cubierta: Universidad Pedagógica Nacional. Area Docencia. Maestrías. | ||
| 650 | 4 |
_aAdministración _928 |
|
| 650 | 7 |
_aMotivación (Psicología) _2 _95909 |
|
| 700 | 1 |
_aO'Donell, Cyril, _ecoaut. |
|
| 905 | _aLibro | ||
| 999 |
_c40128 _d40128 |
||